[Event "Budapest SixDays 05 GM-B"]
[Site "Budapest"]
[Date "2024.05.16"]
[Round "1"]
[White "Borgaonkar, Akshay"]
[Black "Krishnan, Ritvik"]
[Result "1/2-1/2"]
[WhiteElo "2372"]
[BlackElo "2296"]
[PlyCount "88"]
[EventDate "2024.05.16"]
[EventType "tourn"]
[EventRounds "9"]
[EventCountry "HUN"]
[EventCategory "6"]
[SourceTitle "CB22_2024"]
[SourceDate "2024.05.29"]
[SourceVersion "1"]
[SourceVersionDate "2024.05.29"]
[SourceQuality "1"]

1. e4 e6 2. d4 d5 3. Nc3 Nf6 4. Bg5 dxe4 5. Nxe4 Be7 6. Bxf6 gxf6 7. Nf3 f5 8. Nc3 a6 9. g3 b5 10. Bg2 Bb7 11. 0-0 0-0 12. Qe2 b4 13. Na4 Nd7 14. Rad1 Qe8 15. Rfe1 Bc6 16. Nc5 Nxc5 17. dxc5 Bxc5 18. Qc4 Be7 19. Ng5 Bxg2 20. Qh4 Bxg5 21. Qxg5+ Kh8 22. Qf6+ Kg8 23. Kxg2 Rd8 24. Kg1 Rd6 25. Rxd6 cxd6 26. Qg5+ Kh8 27. Rd1 d5 28. Qf6+ Kg8 29. Rd4 Qd8 30. Qxd8 Rxd8 31. Rxb4 Rc8 32. c3 Rc6 33. f4 Kg7 34. Kf2 a5 35. Rb5 a4 36. a3 d4 37. cxd4 Rc2+ 38. Kg1 Rc1+ 39. Kg2 Rc2+ 40. Kh3 Rd2 41. Rb4 Kf6 42. Rxa4 Rxb2 43. Rc4 Rd2 44. a4 Ra2 1/2-1/2

[Event "Titled Tuesday intern op 16th Jan Early"]
[Site "Chess.com INT"]
[Date "2024.01.16"]
[Round "1"]
[White "Krishnan, Ritvik"]
[Black "Pranesh, M."]
[Result "0-1"]
[WhiteElo "2277"]
[BlackElo "2538"]
[PlyCount "64"]
[EventDate "2024.01.16"]
[EventType "swiss (blitz)"]
[EventRounds "11"]
[EventCountry "USA"]
[SourceTitle "CB04_2024"]
[SourceDate "2023.10.16"]
[SourceVersion "1"]
[SourceVersionDate "2023.10.16"]
[SourceQuality "1"]

1. Nf3 Nf6 2. c4 c5 3. Nc3 Nc6 4. g3 g6 5. d4 cxd4 6. Nxd4 Bg7 7. Bg2 0-0 8. 0-0 Nxd4 9. Qxd4 d6 10. Qd3 Bf5 11. e4 Be6 12. b3 a5 13. Bb2 Nd7 14. Kh1 Nc5 15. Qd2 a4 16. b4 a3 17. bxc5 axb2 18. Qxb2 dxc5 19. Qb3 Qd3 20. Rfc1 Bxc4 21. Qb2 b5 22. Kg1 b4 23. Bf1 bxc3 24. Qb7 Ba6 25. Qxe7 Qd8 26. Qxc5 Bxf1 27. Rxf1 Qd3 28. Rfe1 Rfc8 29. Qb4 c2 30. Rac1 Bc3 31. Qb3 Rab8 32. Qa3 Qd4 0-1

[Event "Titled Tuesday intern op 09th Jan Early"]
[Site "Chess.com INT"]
[Date "2024.01.09"]
[Round "1"]
[White "Krishnan, Ritvik"]
[Black "Livaic, Leon"]
[Result "0-1"]
[WhiteElo "2277"]
[BlackElo "2557"]
[PlyCount "54"]
[EventDate "2024.01.09"]
[EventType "swiss (blitz)"]
[EventRounds "11"]
[EventCountry "USA"]
[SourceTitle "CB03_2024"]
[SourceDate "2024.01.17"]
[SourceVersion "1"]
[SourceVersionDate "2024.01.17"]
[SourceQuality "1"]

1. d4 Nf6 2. c4 g6 3. Nc3 Bg7 4. e4 d6 5. h3 0-0 6. Be3 e5 7. d5 Na6 8. Nf3 Nc5 9. Nd2 a5 10. g4 c6 11. Be2 Bd7 12. g5 Ne8 13. h4 f5 14. gxf6 Nxf6 15. h5 gxh5 16. Bxh5 Nd3+ 17. Kf1 Qe7 18. Qc2 Nxh5 19. Rxh5 Nf4 20. Rh2 Bh3+ 21. Ke1 Qg5 22. Bxf4 Qxf4 23. Rxh3 Qxf2+ 24. Kd1 Qg1+ 25. Ke2 Qg2+ 26. Kd1 Qxh3 27. Kc1 Bh6 0-1

[Event "Titled Tuesday intern op 14th Nov Early"]
[Site "Chess.com INT"]
[Date "2023.11.14"]
[Round "9"]
[White "Karamsetty, Jeevan"]
[Black "Krishnan, Ritvik"]
[Result "0-1"]
[WhiteElo "2284"]
[BlackElo "2328"]
[PlyCount "162"]
[EventDate "2023.11.14"]
[EventType "swiss (blitz)"]
[EventRounds "11"]
[EventCountry "USA"]
[SourceTitle "CB47_2023"]
[SourceDate "2023.11.22"]
[SourceVersion "1"]
[SourceVersionDate "2023.11.22"]
[SourceQuality "1"]

1. e4 c5 2. Nc3 Nc6 3. Bb5 Nd4 4. Bc4 e6 5. Nge2 a6 6. a4 Nf6 7. 0-0 d5 8. exd5 exd5 9. Ba2 Bg4 10. h3 Bh5 11. f3 Be7 12. d3 Nc6 13. Nf4 d4 14. Ne4 Bg6 15. Nxg6 hxg6 16. Re1 0-0 17. Bg5 Rc8 18. Bxf6 Bxf6 19. Qd2 Be7 20. Qf4 Qc7 21. Qg4 Ne5 22. Qg3 Nc6 23. Bb3 b5 24. axb5 axb5 25. Ra6 Qxg3 26. Nxg3 Bh4 27. Kf2 Nb4 28. Rb6 Rb8 29. Rxb8 Rxb8 30. Re4 Bf6 31. Ne2 Rc8 32. Nf4 c4 33. dxc4 bxc4 34. Ba4 c3 35. bxc3 Rxc3 36. Ne2 Ra3 37. Bb3 d3 38. Rxb4 d2 39. Rb8+ Kh7 40. Nc3 Bxc3 41. Rd8 Ra1 42. Bxf7 d1Q 43. Bg8+ Kh6 44. Rxd1 Rxd1 45. Bc4 Rd2+ 46. Kg3 Kg5 47. Bd3 Kf6 48. h4 Be5+ 49. f4 Bc3 50. Kf3 Rd1 51. g4 Re1 52. g5+ Kf7 53. Kg4 Bd2 54. f5 gxf5+ 55. Kxf5 Rh1 56. Kg4 Be1 57. h5 Rh4+ 58. Kf5 Rxh5 59. Be2 Rh2 60. Bc4+ Ke7 61. Bd3 Bc3 62. Kg6 Kd6 63. Bf5 Kc5 64. Bd3 Kb4 65. Kf7 Rd2 66. g6 Ka3 67. Kg8 Bd4 68. Kh7 Rxd3 69. cxd3 Kb3 70. Kg8 Kc3 71. Kf7 Kxd3 72. Ke6 Ke4 73. Kf7 Kf5 74. Kg8 Kxg6 75. Kh8 Kf5 76. Kh7 g5 77. Kh6 g4 78. Kh5 g3 79. Kh4 g2 80. Kh3 g1Q 81. Kh4 Qg4# 0-1